000
00205nam a2200097Ia 4500
008
240331s9999 xx 000 0 und d
082
_b
PER
100
_a
Perera, S.M.C
245
0
_a
Samaja Prashna
942
_c
L
999
_c
5755
_d
5755